Clubs that have won the Greek Cup - Statistics

General Stats
  • This quiz has been taken 94 times
    3 since last reset
  • The average score is 6 of 11
Answer Stats
Hint Answer % Correct
16 AEK
100%
29 Olympiakos
100%
2 AEL
67%
1 Aris
67%
20 Panathinaikos
67%
8 PAOK
67%
1 Ethnikos
33%
1 Iraklis
33%
1 Kastoria
33%
2 OFI
33%
2 Panionios
33%
No matching quizzes found
Score Distribution
Percent of People with Each Score
Percentile by Number Answered
Your Score History
You have not taken this quiz since the last reset